000 00292nam a22001337a 4500
008 170424b xxu||||| |||| 00| 0 eng d
020 _a0669340758
041 _aeng
080 _a573
100 _a11
101 _aSHM
245 _aBIOLOGY DISCOVER LIFE
_cLEVINE.J.S
942 _2udc
_cBK
999 _c11605
_d11605